Score 0/10 Timer 02:00
0 Plays Today
Number Sequence Country % Correct
3454Fiji
69.3%
4726Iran
69%
4727Iraq
68.9%
7378Peru
67.9%
6254Mali
67.4%
8646Togo
67.1%
2822Cuba
65.7%
2423Chad
65.2%
6626Oman
64.9%
5267Laos
60.6%
Remove Ads.
Support Sporcle.
Get the best of Sporcle when you Go Orange. This ad-free experience offers more features, more stats, and more fun while also helping to support Sporcle. Thank you for becoming a member.

You're not logged in!

Compare scores with friends on all Sporcle quizzes.
OR
Log In

Show Comments

Extras

Top Quizzes Today


Score Distribution

Your Account Isn't Verified!

In order to create a playlist on Sporcle, you need to verify the email address you used during registration. Go to your Sporcle Settings to finish the process.

Report this User

Report this user for behavior that violates our Community Guidelines.

Details: